RFLP mapping of genes affecting plant height and growth habit in rye (Record no. 67014)

MARC details
000 -LEADER
fixed length control field 00455nam a2200169Ia 4500
100 ## - MAIN ENTRY--AUTHOR NAME
Personal name Plaschke J
245 #0 - TITLE STATEMENT
Title RFLP mapping of genes affecting plant height and growth habit in rye
260 ## - PUBLICATION, DISTRIBUTION, ETC. (IMPRINT)
Name of publisher Theoretical and Applied Genetics
Year of publication 1993
300 ## - PHYSICAL DESCRIPTION
Number of Pages 1049-1054
650 ## - SUBJECT ADDED ENTRY--TOPICAL TERM
Topical Term Dwarfism
650 ## - SUBJECT ADDED ENTRY--TOPICAL TERM
Topical Term Genetic mapping
650 ## - SUBJECT ADDED ENTRY--TOPICAL TERM
Topical Term RFLP
650 ## - SUBJECT ADDED ENTRY--TOPICAL TERM
Topical Term Rye
650 ## - SUBJECT ADDED ENTRY--TOPICAL TERM
Topical Term Vernalisation
942 ## - ADDED ENTRY ELEMENTS (KOHA)
Koha item type Journals
Holdings
Withdrawn status Lost status Damaged status Not for loan Home library Current library Shelving location Date acquired Serial Enumeration / chronology Koha item type
      Journals RRII Library RRII Library Biotechnology 17/12/2021 Volume 85, Issue 8 Journals